FORENSIC MEDICINE AND TOXICOLOGY (Record no. 13162)
[ view plain ]
| 000 -LEADER | |
|---|---|
| fixed length control field | 00284nam a22001337a 4500 |
| 003 - CONTROL NUMBER IDENTIFIER | |
| control field | SGT |
| 082 ## - DEWEY DECIMAL CLASSIFICATION NUMBER | |
| Classification number | 614.1 |
| Item number | F15K |
| 100 ## - MAIN ENTRY--PERSONAL NAME | |
| Personal name | KARMAKAR, R.N. |
| 245 ## - TITLE STATEMENT | |
| Title | FORENSIC MEDICINE AND TOXICOLOGY |
| 260 ## - PUBLICATION, DISTRIBUTION, ETC. (IMPRINT) | |
| Place of publication, distribution, etc | INDIA |
| Name of publisher, distributor, etc | ACADEMIC |
| Year of Publication | 2015 |
| 300 ## - PAGE DESCRIPTION | |
| No. of Pages | 603 |
| 650 ## - SUBJECT ADDED ENTRY--TOPICAL TERM | |
| Topical term or geographic name as entry element | FMT |
| 942 ## - ADDED ENTRY ELEMENTS (KOHA) | |
| Source of classification or shelving scheme | Dewey Decimal Classification |
| Koha item type | Books |
| 942 ## - ADDED ENTRY ELEMENTS (KOHA) | |
| -- | 1 |
| Withdrawn status | Lost status | Source of classification or shelving scheme | Damaged status | Not for loan | Collection code | Home library | Current library | Shelving location | Date acquired | Vendor Name | Cost, normal purchase price | SGTU | Bill Number | Total Checkouts | Full call number | Accession No. (Barcode) | Date last seen | Date last borrowed | Bill Date | Koha item type |
|---|---|---|---|---|---|---|---|---|---|---|---|---|---|---|---|---|---|---|---|---|
| Dewey Decimal Classification | MEDICAL | SGT Medical Library | SGT Medical Library | Text Book | 30/08/2017 | ABC | 595.00 | SGTU | 8371 | 2 | 614.1 F15K | FM8680 | 09/07/2019 | 02/07/2019 | 26/06/2017 | Books | ||||
| Dewey Decimal Classification | MEDICAL | SGT Medical Library | SGT Medical Library | Text Book | 30/08/2017 | ABC | 595.00 | SGTU | 8371 | 3 | 614.1 F15K | FM8681 | 11/11/2024 | 11/11/2024 | 26/06/2017 | Books | ||||
| Dewey Decimal Classification | MEDICAL | SGT Medical Library | SGT Medical Library | Text Book | 30/08/2017 | ABC | 595.00 | SGTU | 8371 | 614.1 F15K | FM8682 | 30/08/2017 | 26/06/2017 | Books |